Brentton Woods At Forty.

This chapter presents several papers included in the Bretton Woods conference. The Bretton Woods Conference of 1944 had left many issues of development finance unresolved. In fact, very early, the World Bank took a different direction from that envisaged by its founders. The IMF came into existence...

Szczegółowa specyfikacja

Opis bibliograficzny
Korporacja: International Monetary Fund
Format: Czasopismo
Język:English
Wydane: Washington, D.C. : International Monetary Fund, 1995.
Seria:Pamphlet Series; Pamphlet Series, No.
Dostęp online:Full text available on IMF
LEADER 02003cas a2200241 a 4500
001 AALejournalIMF010658
008 230101c9999 xx r poo 0 0eng d
020 |c 5.00 USD 
020 |z 9781451973495 
022 |a 0538-8759 
040 |a BD-DhAAL  |c BD-DhAAL 
110 2 |a International Monetary Fund. 
245 1 0 |a Brentton Woods At Forty. 
264 1 |a Washington, D.C. :  |b International Monetary Fund,  |c 1995. 
300 |a 1 online resource (20 pages) 
490 1 |a Pamphlet Series 
500 |a <strong>Off-Campus Access:</strong> No User ID or Password Required 
500 |a <strong>On-Campus Access:</strong> No User ID or Password Required 
506 |a Electronic access restricted to authorized BRAC University faculty, staff and students 
520 3 |a This chapter presents several papers included in the Bretton Woods conference. The Bretton Woods Conference of 1944 had left many issues of development finance unresolved. In fact, very early, the World Bank took a different direction from that envisaged by its founders. The IMF came into existence on December 27, 1945. The eventual growth in the Fund's activities led to the disappearance of the nonresident Executive Director. A teleological approach in the examination of the IMF's authority was inspired not only by the principle that the Fund must be effective in the pursuit of its purposes but also by the belief that the Articles, and especially the provisions on the par value system, constituted an international monetary system. In the 1950s, the Bank made an important contribution to helping countries cope with the external debt problems left over from the 1930s. Moreover now it is trying, in cooperation with the IMF, to help countries make necessary adjustments on a case-by-case basis. 
538 |a Mode of access: Internet 
830 0 |a Pamphlet Series; Pamphlet Series, No. 
856 4 0 |z Full text available on IMF  |u http://elibrary.imf.org/view/books/054/15825-9781451973495-en/15825-9781451973495-en-book.xml  |z IMF e-Library